[Event "3rd Asian Indoor Team Rapid Prelim"]
[Site "Ha Long City VIE"]
[Date "2009.11.05"]
[Round "4"]
[White "Le Thanh Tu"]
[Black "Perena,C"]
[Result "1-0"]
[WhiteElo "2344"]
[BlackElo "2090"]

1.c4 c6 2.e4 d5 3.exd5 cxd5 4.cxd5 Qxd5 5.Nc3 Qa5 6.Nf3 Nf6 7.Bc4 e6 8.O-O Be7
9.d4 O-O 10.Qe2 a6 11.Ne5 b5 12.Bd3 Bb7 13.Bg5 Qb6 14.Rad1 Rd8 15.Bxf6 Bxf6
16.Bxh7+ Kf8 17.Be4 Nc6 18.Nxc6 Bxc6 19.d5 exd5 20.Nxd5 Bxd5 21.Bxd5 Ra7
22.Bf3 Re7 23.Rxd8+ Qxd8 24.Qc2 g6 25.b3 Qa5 26.g3 Rc7 27.Qd3 Kg7 28.Qd6 Rc2
29.Bd5 Re2 30.b4 Qa3 31.Bb3 Qb2 32.Qd5 Re7 33.Kg2 Bd4 34.Qf3 Bf6 35.h4 Re5
36.Qb7 Be7 37.Qxa6 Bxb4 38.Qb7 Be7 39.Rd1 Rf5 40.Rf1 Bc5 41.Qe4 Bxf2 42.Kh3 Qf6
43.Qg2 Qd4 44.Bc2 Rf6 45.Be4 Qe3 46.Bd5 g5 47.h5 Qe5 48.Rxf2 Qd4 49.Rxf6 Qxf6
50.Qf3 Qe7 51.Qxf7+ Qxf7 52.Bxf7 Kxf7 53.g4 Kf6 54.Kg3 b4 55.Kf3 Kg7 56.Ke4  1-0

[Event "3rd Asian Indoor Team Rapid Prelim"]
[Site "Ha Long City VIE"]
[Date "2009.11.05"]
[Round "4"]
[White "Bu Xiangzhi"]
[Black "Harikrishna,P"]
[Result "1/2-1/2"]
[WhiteElo "2682"]
[BlackElo "2672"]

1.c4 c6 2.e4 d5 3.exd5 cxd5 4.cxd5 Nf6 5.Qa4+ Nbd7 6.Nc3 g6 7.Nf3 Bg7 8.Bc4 O-O
9.d3 a6 10.Qa3 Qc7 11.O-O Nb6 12.Qb4 Bg4 13.Be3 Nc8 14.Nd2 Bf5 15.a4 Ng4
16.Nf3 Nxe3 17.fxe3 Nd6 18.e4 b5 19.axb5 axb5 20.Rxa8 Rxa8 21.Bb3 Bg4 22.d4 Bxf3
23.gxf3 Qa5 24.Qxa5 Bxd4+ 25.Kg2 Rxa5 26.Rc1 f5 27.exf5 gxf5 28.Rc2 Ra1 29.Nxb5 Bf6
30.Nxd6 exd6 31.Rc8+ Kg7 32.Bc2 Bxb2 33.Bxf5 h6 34.f4 Bd4 35.Rc7+ Kf6 36.Be6 Ra7
37.Rc8 Ra4 38.Kf3 Ra2 39.h4 h5 40.Rh8 Kg6 41.f5+ Kg7 42.Rg8+ Kf6 43.Ke4 Ra4
44.Rf8+ Kg7 45.Rf7+ Kh6 46.Kd3 Be5 47.Rf8 Kg7 48.Rg8+ Kf6 49.Rf8+ Kg7 50.Rg8+ Kf6
51.Rf8+  1/2-1/2

[Event "World Seniors"]
[Site "Condino ITA"]
[Date "2009.11.06"]
[Round "10"]
[White "Butnorius,A"]
[Black "Boehnisch,M"]
[Result "1-0"]
[WhiteElo "2433"]
[BlackElo "2364"]

1.c4 c6 2.d4 d5 3.Nf3 Nf6 4.Nc3 dxc4 5.a4 Bf5 6.e3 e6 7.Bxc4 Bb4 8.O-O Nbd7
9.Qe2 Bg4 10.h3 Bh5 11.Rd1 Bxc3 12.bxc3 Ne4 13.g4 Bg6 14.Bb2 h5 15.Bd3 hxg4
16.hxg4 f5 17.Kg2 fxg4 18.Nd2 Ndf6 19.Rh1 Kf7 20.Rxh8 Qxh8 21.Rh1 Qd8 22.Nc4 Kg8
23.Ne5 Bf5 24.Rh8+ Kxh8 25.Nf7+ Kg8 26.Nxd8 Rxd8 27.c4 b6 28.Qc2 Kh7 29.a5 bxa5
30.Qa4 Rb8 31.Ba3 Kh6 32.Qxa5 Rb3 33.Bc2 Rc3 34.Bb1 Rxc4 35.Qxa7 Ng5 36.Bf8 Nh5
37.Bxf5 exf5 38.Qd7 Rc1 39.Qxf5 Nf3 40.Qxg4 Rg1+ 41.Kxf3 Rxg4 42.Kxg4 Nf6+
43.Kf5 Nd7 44.Bc5  1-0

[Event "TCh-AUT 2009-10"]
[Site "Jenbach AUT"]
[Date "2009.11.06"]
[Round "1"]
[White "Bischoff,K"]
[Black "Vass,F"]
[Result "1-0"]
[WhiteElo "2569"]
[BlackElo "2350"]

1.c4 c6 2.Nf3 d5 3.e3 Nf6 4.Nc3 e6 5.b3 Nbd7 6.Qc2 Be7 7.Bb2 O-O 8.Be2 a6
9.Rg1 dxc4 10.bxc4 b5 11.g4 b4 12.Nb1 Nc5 13.d4 Nce4 14.g5 Qa5 15.Nfd2 Nxg5
16.Nb3 Qf5 17.Qxf5 exf5 18.Rxg5 Ng4 19.Rh5 g6 20.Bxg4 gxh5 21.Bf3 Bd7 22.Na5 Rac8
23.Nd2 h6 24.c5 Bd8 25.Ndc4 Bxa5 26.Nxa5  1-0

[Event "3rd Asian Indoor Team Rapid Final"]
[Site "Ha Long City VIE"]
[Date "2009.11.07"]
[Round "2"]
[White "Zhao Xue"]
[Black "Pham Le Thao Nguyen"]
[Result "1-0"]
[WhiteElo "2506"]
[BlackElo "2295"]

1.c4 c6 2.Nf3 Nf6 3.b3 d5 4.Bb2 Bf5 5.d3 e6 6.Nbd2 h6 7.g3 Be7 8.Bg2 O-O
9.O-O Nbd7 10.Re1 Bh7 11.Rc1 Re8 12.Rc2 Qb6 13.cxd5 exd5 14.Bd4 c5 15.Ba1 Rad8
16.Qb1 Bd6 17.Rcc1 Re7 18.e4 Rde8 19.exd5 Nxd5 20.Nc4 Qc7 21.Qb2 N7f6 22.Nxd6 Qxd6
23.d4 Rxe1+ 24.Nxe1 cxd4 25.Qxd4 b6 26.Nf3 Qa3 27.Qb2 Qa5 28.Qd2 Qa3 29.Ne5 Rd8
30.Nc4 Qf8 31.Rd1 Ne4 32.Qd4 f5 33.Bb2 Bg6 34.Bf3 Bf7 35.h4 Re8 36.Ba3 Nb4
37.Ne3 a5 38.Nxf5 Nc5 39.Bxb4 axb4 40.Qd6 Be6 41.Qxf8+ Kxf8 42.Nd4 Bf7 43.Nc6 Na6
44.Kg2 Bg6 45.Rd4 Bb1 46.Nxb4 Nc5 47.Rd6 Re6 48.Rxe6 Nxe6 49.Be2 Be4+ 50.f3 Bb7
51.Kf2 Ke7 52.Ke3 Kd6 53.Bc4 Nc5 54.Nd3 Nd7 55.b4 Bc6 56.a3 Ba4 57.Nb2 Bc6
58.a4 Ne5 59.Be2 Nd7 60.Kd4 Ba8 61.Nc4+ Kc7 62.f4 Bc6  1-0

[Event "World Youth U18"]
[Site "Antalya TUR"]
[Date "2009.11.14"]
[Round "3"]
[White "Yilmazyerli,M"]
[Black "Kristinsson,Bj"]
[Result "1-0"]
[WhiteElo "2295"]
[BlackElo "2023"]

1.c4 c6 2.e4 d5 3.cxd5 cxd5 4.exd5 Qxd5 5.Nc3 Qa5 6.Nf3 Nc6 7.d4 e6 8.Bd3 Nf6
9.O-O Be7 10.Qe2 O-O 11.a3 b6 12.Bb5 Bb7 13.d5 Nd8 14.Nd4 Nxd5 15.Nxd5 Bxd5
16.Bd2  1-0

[Event "Espacio ENDESA ITTGM"]
[Site "Santiago CHI"]
[Date "2009.11.14"]
[Round "1"]
[White "Garcia Cardenas,P"]
[Black "Valenzuela Fuentealba,L"]
[Result "1/2-1/2"]
[WhiteElo "2306"]
[BlackElo "2477"]

1.c4 c6 2.e4 d5 3.exd5 cxd5 4.d4 Nf6 5.Nc3 e6 6.Nf3 Be7 7.cxd5 Nxd5 8.Bd3 O-O
9.O-O Nc6 10.Re1 Nf6 11.a3 Qd6 12.Bg5 Rd8 13.Qc2 h6 14.Bxf6 Bxf6 15.Ne4 Qf4
16.Nxf6+ Qxf6 17.Bh7+ Kh8 18.Be4 Bd7 19.d5 exd5 20.Bxd5 Kg8 21.Rad1 Bg4 22.Qb3 Rab8
23.Rd3 Bf5 24.Rde3 g5 25.Ne5 Nxe5 26.Rxe5 Kg7 27.Bxf7 Rd3 28.Qb5 a6 29.Qc5 Rc8
30.Qe7 Qxf7 31.Rxf5 Qxe7 32.Rxe7+ Kg6 33.g4 Rc4 34.h3 Rxh3 35.f3 Rc1+ 36.Kg2 Rhh1
37.Rxb7 Rcf1 38.Rc5  1/2-1/2

[Event "Haye Kramer Zeskamp"]
[Site "Leeuwarden NED"]
[Date "2009.11.15"]
[Round "4"]
[White "Van der Werf,M"]
[Black "Giri,A"]
[Result "1/2-1/2"]
[WhiteElo "2415"]
[BlackElo "2585"]

1.c4 c6 2.e4 d5 3.cxd5 cxd5 4.exd5 Nf6 5.Nc3 Nxd5 6.Nf3 Nc6 7.Bb5 e6 8.O-O Be7
9.d4 O-O 10.Re1 Nf6 11.Be3 Nb4 12.Qe2 a6 13.Bc4 b5 14.Bb3 Bb7 15.Rad1 Nbd5
16.Bg5 Rc8 17.Rd3 h6 18.Bc1 b4 19.Nxd5 Nxd5 20.Qd1 Rc7 21.Bd2 Nf6 22.Ne5 Kh8
23.Bf4 Nd5 24.Bd2 Bg5 25.Rg3 Bxd2 26.Qxd2 a5 27.Ng4 Qg5 28.Ne3 Qd8 29.Ng4 Qg5
30.Ne3 Qd8 31.Ng4  1/2-1/2

[Event "South Bohemia Open"]
[Site "Cesky Krumlov CZE"]
[Date "2009.11.17"]
[Round "4"]
[White "Hantak,A"]
[Black "Vales,V"]
[Result "1/2-1/2"]
[WhiteElo "2161"]
[BlackElo "2173"]

1.c4 c6 2.e4 d5 3.exd5 cxd5 4.d4 Nf6 5.Nc3 g6 6.Qb3 Bg7 7.cxd5 O-O 8.Be2 a5
9.a4 Na6 10.Nf3 Nb4 11.O-O  1/2-1/2

[Event "TCh-NED 2009-10"]
[Site "Netherlands NED"]
[Date "2009.11.21"]
[Round "3"]
[White "Janssen,Ru"]
[Black "Michielsen,J"]
[Result "1-0"]
[WhiteElo "2520"]
[BlackElo "2373"]

1.c4 c6 2.Nf3 d5 3.e3 Nf6 4.Nc3 a6 5.Qc2 Bg4 6.Ne5 Be6 7.b3 g6 8.Bb2 Bg7
9.Be2 O-O 10.O-O Nbd7 11.Na4 Nxe5 12.Bxe5 dxc4 13.bxc4 b5 14.Nc5 Bxc4 15.d3 Be6
16.Nxe6 fxe6 17.Bf3 Rc8 18.Bxc6 Nh5 19.Bxg7 Nxg7 20.Rac1 Qd6 21.d4 Rc7 22.d5 Rfc8
23.Qb3 exd5 24.Bxd5+ e6 25.Rxc7 Rxc7 26.Bf3 Qc5 27.Rd1 a5 28.h3 a4 29.Qb2 Kf7
30.a3 Qc3 31.Qxb5 Qxa3 32.Qa5 Rc1 33.g4 Qa1 34.Qc7+ Rxc7 35.Rxa1 Ra7 36.Ra3 h5
37.Bd1 hxg4 38.hxg4 Kf6 39.Kg2 e5 40.Rxa4 Rxa4 41.Bxa4 Ne6 42.Bb3 Nc5 43.Bd5 e4
44.Kg3 g5 45.Kg2 Ke5 46.Bf7 Nd3 47.Bg6 Ne1+ 48.Kf1 Nf3 49.Ke2 Kd5 50.Kd1 Ne5
51.Bf5 Nf3 52.Bc8 Nh2 53.Kc2 Nf3 54.Kd1 Nh2 55.f4 gxf4 56.exf4 e3 57.g5  1-0

[Event "IV Open"]
[Site "Palma ESP"]
[Date "2009.11.21"]
[Round "1"]
[White "Franco Ocampos,Z"]
[Black "Valls Casas,J"]
[Result "1-0"]
[WhiteElo "2516"]
[BlackElo "2076"]

1.c4 c6 2.e4 d5 3.exd5 cxd5 4.d4 Nf6 5.Nc3 Nc6 6.Nf3 e6 7.c5 Ne4 8.Qc2 f5
9.Bb5 Bd7 10.O-O Be7 11.Bxc6 Bxc6 12.b4 a6 13.Bf4 g5 14.Be5 O-O 15.Ne1 Bf6
16.Nd3 Nxc3 17.Qxc3 Bb5 18.Rfe1 Bxd3 19.Qxd3 Bxe5 20.Rxe5 Rf6 21.Rae1 Qd7
22.Qe3 Re8 23.Qxg5+ Rg6 24.Qe3 Kf7 25.f3 Reg8 26.Re2 h5 27.h4 a5 28.b5 Qxb5
29.Rxf5+ Ke7 30.Rxh5 Qb1+ 31.Kh2 Qf1 32.Rg5 Rxg5 33.Qxe6+ Kd8 34.hxg5 Rh8+
35.Kg3 Qh1 36.Qf6+ Kc8 37.g6 Qh6 38.Qf5+ Kb8 39.Qf4+  1-0

[Event "Espacio ENDESA ITTGM"]
[Site "Santiago CHI"]
[Date "2009.11.21"]
[Round "8"]
[White "Valiente,C"]
[Black "Valenzuela Fuentealba,L"]
[Result "1/2-1/2"]
[WhiteElo "2240"]
[BlackElo "2477"]

1.c4 c6 2.Nf3 d5 3.e3 Nf6 4.d4 a6 5.Bd3 b5 6.b3 Bg4 7.h3 Bh5 8.O-O e6 9.Nbd2 Nbd7
10.Bb2 Be7 11.Qc2 Bg6 12.Bxg6 hxg6 13.Ne5 Nxe5  1/2-1/2

[Event "IV Open"]
[Site "Palma ESP"]
[Date "2009.11.22"]
[Round "2"]
[White "Drozdovskij,Y"]
[Black "Serrano Salvador,E"]
[Result "1/2-1/2"]
[WhiteElo "2625"]
[BlackElo "2319"]

1.c4 c6 2.e4 d5 3.exd5 cxd5 4.d4 Nf6 5.Nc3 Nc6 6.Nf3 Bg4 7.cxd5 Nxd5 8.Bb5 Nxc3
9.bxc3 e6 10.h3 Bxf3 11.Qxf3 Qd5 12.Qxd5 exd5 13.O-O O-O-O 14.Re1 Bd6 15.Ba4 Na5
16.Bg5 f6 17.Bh4 a6 18.Re6 b5 19.Bc2 Rhe8 20.Rxe8 Rxe8 21.Bxh7 Kb7 22.Bg6 Rh8
23.Bg3 Bxg3 24.fxg3 Rc8 25.Bf7 Rxc3 26.Bxd5+ Kc7 27.Re1 Rd3 28.Re6 Rxd4 29.Rxa6 Rxd5
30.Rxa5 Kb6 31.Ra8 Rd3 32.g4 Kb7 33.Rg8 g5 34.Rg6 Rd6 35.Kf2 Kc6 36.Ke3 Kd5
37.Rg8 Ra6 38.Rd8+ Ke5 39.Rd2 Ra3+ 40.Kf2 f5 41.gxf5 Kxf5 42.Rb2 Ke6 43.Ke2 b4
44.Kf1 Kd6 45.Rxb4 Rxa2 46.Rg4 Ra5 47.Re4 Kd5 48.Re2 Ra4 49.Ke1 g4 50.hxg4 Rxg4
51.Kf2 Rg8 52.Re3 Kd4 53.Re7 Kd5 54.Re1 Kd4 55.Re2 Kd5  1/2-1/2

[Event "IV Open"]
[Site "Palma ESP"]
[Date "2009.11.23"]
[Round "4"]
[White "Kovalyov,A"]
[Black "Bhat,V"]
[Result "1/2-1/2"]
[WhiteElo "2601"]
[BlackElo "2510"]

1.c4 c6 2.Nf3 d5 3.d4 Nf6 4.e3 e6 5.b3 Nbd7 6.Bb2 Ne4 7.Nbd2 f5 8.Bd3 Bd6
9.Qc1 Qe7 10.a4 a5 11.Ba3 Bxa3 12.Qxa3 Qxa3 13.Rxa3 Ke7 14.Ra2 b6 15.Rc2 Ba6
16.Ke2 c5 17.Rhc1 Nef6 18.Ne1 cxd4 19.exd4 Rhc8 20.g3 Ra7 21.Ng2 Rac7 22.Ne3 Nb8
23.Ke1 Bb7 24.f4 Kd8 25.Be2 dxc4 26.Ndxc4 Be4 27.Rd2 Nd5 28.Kf2  1/2-1/2

[Event "1st Thanksgiving Open"]
[Site "Stillwater USA"]
[Date "2009.11.27"]
[Round "1"]
[White "Veal,J"]
[Black "Holt,C"]
[Result "0-1"]
[WhiteElo "2028"]
[BlackElo "2342"]

1.c4 c6 2.Nf3 d5 3.e3 Bg4 4.Qb3 Qc7 5.cxd5 cxd5 6.Nc3 Bxf3 7.gxf3 e6 8.d4 Nc6
9.Bd2 Nf6 10.Bd3 Be7 11.f4 O-O 12.Rg1 Rac8 13.Rc1 a6 14.Ke2 Bd6 15.Rg2 Bxf4
16.Rcg1 g6 17.a3 Bxh2 18.Rh1 Bd6 19.Qc2 e5 20.Bxg6 fxg6 21.Rgh2 Qf7  0-1

[Event "Open"]
[Site "Figueira da Foz POR"]
[Date "2009.12.01"]
[Round "4"]
[White "Neves,P"]
[Black "Ferreira,Jor1"]
[Result "0-1"]
[WhiteElo "2041"]
[BlackElo "2202"]

1.c4 c6 2.b3 d5 3.Bb2 Nf6 4.Nf3 Bg4 5.d4 e6 6.Nbd2 dxc4 7.bxc4 Bb4 8.a3 Ba5
9.h3 Bh5 10.Qc2 Bg6 11.Qb3 Ne4 12.e3 Nd7 13.Rd1 Qf6 14.Be2 Bxd2+ 15.Rxd2 Nxd2
16.Nxd2 O-O 17.O-O Qd8 18.f4 f6 19.Bc3 Qb6 20.Qa2 c5 21.d5 Rfe8 22.Bf3 exd5
23.Bxd5+ Bf7 24.e4 Bxd5 25.cxd5 c4+ 26.Kh1 Rac8 27.Qa1 Qc5 28.Bd4 Qa5 29.Bc3 Qc7
30.a4 Qd6 31.Qb1 Nc5 32.Nxc4 Qa6 33.Nd2 Nxe4 34.Nxe4 Rxe4 35.Qxe4 Qxf1+ 36.Kh2 Qc4
37.Qe6+ Kh8 38.Bd4 Rd8 39.Bxa7 Qxf4+ 40.Kh1 Qxa4  0-1

[Event "2nd Dragon Capital"]
[Site "Ho Chi Minh City VIE"]
[Date "2009.12.03"]
[Round "2"]
[White "Tu Hoang Thai"]
[Black "Ton That Nhu Tung"]
[Result "1/2-1/2"]
[WhiteElo "2405"]
[BlackElo "2272"]

1.c4 c6 2.d4 d5 3.Nf3 Nf6 4.cxd5 cxd5 5.Nc3 Nc6 6.Bf4 a6 7.e3 e6 8.Bd3 Bd6
9.Bxd6 Qxd6 10.O-O O-O 11.Rc1 Bd7 12.a3 Rfc8  1/2-1/2

[Event "2nd Dragon Capital"]
[Site "Ho Chi Minh City VIE"]
[Date "2009.12.03"]
[Round "2"]
[White "Nguyen Van Huy"]
[Black "Tan Weiliang"]
[Result "1-0"]
[WhiteElo "2414"]
[BlackElo "2163"]

1.c4 c6 2.Nf3 d5 3.e3 Nf6 4.Nc3 e6 5.b3 Nbd7 6.Bb2 Bd6 7.Qc2 Qe7 8.Be2 h6
9.O-O O-O 10.d4 b6 11.e4 dxe4 12.Nd2 e5 13.Ncxe4 exd4 14.Bxd4 Be5 15.Qb2 c5
16.Bxe5 Nxe5 17.Rfe1 Bb7 18.Bf1 Nxe4 19.Nxe4 Rfe8 20.Ng3 Qg5 21.Qc1 Qh4 22.Qc3 Qg5
23.Rad1 h5 24.h4 Qf6 25.Nxh5 Nf3+ 26.Qxf3 Qxf3 27.gxf3 Bxf3 28.Bg2 Bxh5 29.Bxa8 Rxa8
30.Rd6 Bg4 31.Re7 Be6 32.Kh2 Kh7 33.h5 b5 34.cxb5 Rb8 35.a4 Bxb3 36.Rxa7 c4
37.Rc6  1-0

[Event "Open"]
[Site "Figueira da Foz POR"]
[Date "2009.12.04"]
[Round "7"]
[White "Galego,L"]
[Black "Kasparov,S"]
[Result "1/2-1/2"]
[WhiteElo "2435"]
[BlackElo "2487"]

1.c4 c6 2.Nf3 Nf6 3.b3 d5 4.Bb2 Bg4 5.e3 e6 6.h3 Bh5 7.Be2 Nbd7 8.O-O Be7
9.d3 h6 10.Nbd2 O-O 11.Qc2 Qb8 12.Rfe1 Re8 13.Bf1 Bg6 14.a3 a5 15.Rac1 Bd6
16.Qb1 Qd8 17.Qa1 Rc8 18.Rcd1 Qc7 19.d4 Ne4 20.Nxe4 Bxe4 21.Nd2 Bh7 22.Bc3 Ra8
23.Qb2 Nf6 24.c5 Be7 25.b4 axb4 26.axb4 b5 27.Ra1 Ne4 28.Nxe4 Bxe4 29.Rxa8 Rxa8
30.Ra1 Qb7 31.Ra2 Bd8 32.Qa1 Rxa2 33.Qxa2 Bc7 34.Be2 Bb8 35.Be1 g5 36.Qa5 Bc7
37.Qa3 Kg7 38.f3 Bg6 39.h4 Bb8 40.Qa5 Bc7 41.Qa1 Bb8 42.Qa5 Qc7 43.Qxc7 Bxc7
44.hxg5 hxg5 45.Kf2 f5 46.g3 f4 47.gxf4 gxf4 48.Bd2 fxe3+ 49.Kxe3 Bf5 50.Be1 Kg6
51.f4 Bd8  1/2-1/2

[Event "48th XtraCon TCh-DEN 2009-10"]
[Site "Denmark DEN"]
[Date "2009.12.06"]
[Round "3"]
[White "Pedersen,Di"]
[Black "Nielsen,Ni"]
[Result "1/2-1/2"]
[WhiteElo "2085"]
[BlackElo "2162"]

1.c4 c6 2.g3 g6 3.Bg2 Bg7 4.Nc3 d6 5.Nf3 Nf6 6.O-O O-O 7.d3 Bg4 8.h3 Bd7
9.Rb1 Na6 10.e4 c5 11.Bg5 h6 12.Be3 e5 13.a3 Nc7 14.b4 b6 15.bxc5 bxc5 16.a4 Qc8
17.Kh2 Ne6 18.Nb5 Qc6 19.Qd2 Kh7 20.Rb2 a6 21.Nc3 Rfb8 22.Rfb1 Rxb2 23.Qxb2 Nd4
24.Qb7 Bf8 25.Rb6 Qxb7 26.Rxb7 Kg8 27.Rb6 Nc6 28.Nd2 Nb4 29.Bf1 Bc6 30.a5 Nd7
31.Nd5 Nxb6 32.Nxb6 Rb8 33.f4 f6 34.Nf3 g5 35.fxg5 hxg5 36.Kg2 Be7 37.Nd2 Bd8
38.Nd5 Nxd5 39.exd5 Bd7 40.Ne4 Be7 41.g4 Rb2+ 42.Kf3 Kf7 43.Bd2 Kg6 44.Ke3 Ra2
45.Be2 f5 46.gxf5+ Bxf5 47.Nf2 Bd8 48.Bg4 Bc7 49.Bxf5+ Kxf5 50.Ne4 Ra1 51.Ke2 Kg6
52.Bxg5 Bxa5 53.Be7 Re1+ 54.Kf2 Rxe4 55.dxe4 Bc7 56.Ke2 Kf7 57.Bh4 Ba5 58.Kd3 Bb4
59.Kc2 Ba5 60.Kb3 Bd2 61.Bd8 Ke8 62.Bb6 Be1 63.Ka4 Kd7 64.Ba5 Bh4 65.Bd2 Bd8
66.Be1 Ke8 67.h4 Kf7 68.h5 Kg7 69.Ba5 Be7 70.Bd2 Bd8 71.Ka3 Bh4 72.Ba5 Kh6
73.Bc7 Be7 74.Ka4 Kxh5 75.Ka5 Kg4 76.Kxa6 Kf4 77.Kb6 Kxe4 78.Kc6 Kd4 79.Bxd6 Bxd6
80.Kxd6 e4 81.Kc6 e3 82.d6  1/2-1/2

[Event "2nd Dragon Capital"]
[Site "Ho Chi Minh City VIE"]
[Date "2009.12.06"]
[Round "6"]
[White "Hoang Thi Nhu Y"]
[Black "Tan Weiliang"]
[Result "1/2-1/2"]
[WhiteElo "2119"]
[BlackElo "2163"]

1.c4 c6 2.Nf3 Nf6 3.d4 d5 4.Qc2 g6 5.e3 Bf5 6.Qb3 Qb6 7.Nc3 e6 8.Nh4 Qxb3
9.axb3 Bc2 10.c5 g5 11.Nf3 g4 12.Nd2 Nbd7 13.b4 e5 14.h3 exd4 15.exd4 Rg8
16.hxg4 Rxg4 17.Nf3 Bg7 18.Be3 Bg6 19.Be2 Ne4 20.Nh4 Nxc3 21.Bxg4 Nb5 22.Nxg6 hxg6
23.Rh7 Nf6 24.Rxg7 Kf8 25.Bh6 Nxg4 26.Rxg6+ Nxh6 27.Rxh6 Re8+ 28.Kf1 Re4
29.Rd1 Nxd4 30.f3 Rf4 31.g3 Rxf3+ 32.Kg2 Rxg3+ 33.Kxg3 Nf5+ 34.Kf4 Nxh6 35.b5 cxb5
36.Rxd5 Ke7 37.Rh5 Ng8 38.Rh8 Nf6 39.Rb8 b6 40.Rb7+ Ke6 41.c6 Kd6 42.Rxf7 Nd5+
43.Ke4 Kxc6 44.Rxa7 Kc5 45.Rf7 Nb4 46.Rc7+ Nc6 47.Kd3 b4 48.Rh7 Kb5 49.Rh3 Ka4
50.Kc4 Na5+ 51.Kd5 Kb5 52.b3 Nb7 53.Kd4 Na5 54.Rg3 Kc6 55.Rd3 Kd6 56.Ke3+ Kc5
57.Kd2 Kc6 58.Kc2 Kc5 59.Rh3 Kb5 60.Rh4 Kc5  1/2-1/2

[Event "30th Edoardo Crespi Magistrale"]
[Site "Milan ITA"]
[Date "2009.12.06"]
[Round "2"]
[White "Genocchio,D"]
[Black "Pace,P"]
[Result "1-0"]
[WhiteElo "2464"]
[BlackElo "2204"]

1.c4 c6 2.e4 d5 3.exd5 cxd5 4.d4 Nf6 5.Nc3 e6 6.Nf3 Be7 7.cxd5 Nxd5 8.Bd3 O-O
9.O-O Nc6 10.Re1 Ncb4 11.Bb1 Bd7 12.a3 Nxc3 13.bxc3 Nd5 14.Qd3 Nf6 15.Bg5 g6
16.Bh6 Re8 17.Ne5 Rc8 18.Ba2 Qc7 19.c4 Red8 20.Bg5 Be8 21.Qe3 Nh5 22.Bxe7 Qxe7
23.c5 b6 24.Rac1 Ng7 25.cxb6 Rxc1 26.Qxc1 axb6 27.d5 Qd6 28.dxe6 Nxe6 29.Ng4 Qf4
30.Bxe6 Qxc1 31.Rxc1 fxe6 32.f4 h5 33.Nf6+ Kf7 34.Ne4 Rd4 35.Rc7+ Bd7 36.Rc4 Rd3
37.Ng5+ Ke7 38.Rb4 b5 39.Nf3 Rxa3 40.Ne5 Be8 41.g3 Ra2 42.h4 Kd6 43.Rd4+ Kc7
44.Rd1 Rc2 45.Kf1 Rc3 46.Ke2 Rxg3 47.Rc1+ Kb7 48.Nf3 Bc6 49.Nd4 Bd7 50.Nf3 Rg2+
51.Ke3 Ra2 52.Kd4 Ra4+ 53.Ke5 b4 54.Kd6 Bb5 55.Nd4 Kb6 56.Rc8 Ra6 57.Rb8+ Ka7+
58.Kc7 Ba4 59.Rxb4 Be8 60.Rb7+ Ka8 61.Rb8+  1-0

[Event "30th Edoardo Crespi Magistrale"]
[Site "Milan ITA"]
[Date "2009.12.06"]
[Round "2"]
[White "Abasov,N"]
[Black "Gagliardi,Ch"]
[Result "1-0"]
[WhiteElo "2522"]
[BlackElo "2244"]

1.c4 c6 2.e4 d5 3.exd5 cxd5 4.cxd5 Nf6 5.Qa4+ Nbd7 6.Nc3 g6 7.g3 Bg7 8.Bg2 O-O
9.Nge2 Nc5 10.Qc4 b6 11.b4 Ba6 12.b5 Bb7 13.d4 Ne6 14.O-O Rc8 15.Qb3 Rxc3
16.Nxc3 Nxd4 17.Qc4 Qa8 18.Qxd4 Nxd5 19.Qxd5 Bxd5 20.Nxd5 Qb8 21.Nxe7+ Kh8
22.Nc6 Qc8 23.Rb1 Qe6 24.Rb3 Qe2 25.Nxa7 Qxa2 26.Ra3 Qc4 27.Be3 Bd4 28.Rc1 Qb4
29.Bxd4+ Qxd4 30.Rac3 Kg7 31.Rc4 Qb2 32.R4c2 Qd4 33.Bf1 Ra8 34.Rc7 Qd2 35.R1c2 Qd1
36.Re2  1-0

[Event "FSIM December"]
[Site "Budapest HUN"]
[Date "2009.12.11"]
[Round "7"]
[White "Adams,N"]
[Black "Turzo,A"]
[Result "0-1"]
[WhiteElo "2236"]
[BlackElo "2276"]

1.c4 c6 2.d4 d5 3.Nf3 Nf6 4.Nc3 a6 5.Qb3 e6 6.Bg5 h6 7.Bh4 Nbd7 8.e3 Be7
9.Bd3 O-O 10.cxd5 exd5 11.h3 Re8 12.Bg3 c5 13.dxc5 Nxc5 14.Qc2 Nfe4 15.Rd1 Nxd3+
16.Qxd3 Nxg3 17.fxg3 Qc7 18.g4 Bc5 19.Nxd5 Qg3+ 20.Kf1 Be6 21.Nc3 Bxe3 22.Ne4 Qf4
23.Re1 Bc4 24.Qxc4 Rxe4 25.Qc2 Rae8 26.Re2 Rc4 27.Qf5 Rc1+ 28.Re1 Qc4+  0-1

[Event "Open"]
[Site "Pilsen CZE"]
[Date "2009.12.11"]
[Round "8"]
[White "Wojcieszyn,Z"]
[Black "Renkowski,P"]
[Result "0-1"]
[WhiteElo "2037"]
[BlackElo "1793"]

1.c4 c6 2.d4 d5 3.Nf3 Nf6 4.Nc3 Bf5 5.cxd5 cxd5 6.Qb3 Qb6 7.Qxb6 axb6 8.Bg5 e6
9.Nb5 Na6 10.Rc1 Bb4+ 11.Bd2 Bxd2+ 12.Kxd2 Ne4+ 13.Ke3 O-O 14.Nh4 Rac8 15.Rxc8 Rxc8
16.f3 Nf6 17.Nxf5 exf5 18.Kd2 f4 19.g3 fxg3 20.hxg3 Nb4 21.a3 Nc6 22.Bh3 Re8
23.Bf5 Nh5 24.Bd3  0-1

[Event "Tch-SLO League"]
[Site "Rogaska Slatina SLO"]
[Date "2009.12.11"]
[Round "1"]
[White "Skoberne,J"]
[Black "Guid,M"]
[Result "1-0"]
[WhiteElo "2498"]
[BlackElo "2302"]

1.c4 c6 2.e4 d5 3.exd5 cxd5 4.d4 Nf6 5.Nc3 Nc6 6.Nf3 g6 7.cxd5 Nxd5 8.Qb3 Nxc3
9.bxc3 Bg7 10.Be2 O-O 11.O-O e5 12.d5 Na5 13.Qb4 e4 14.Ng5 Qxd5 15.Be3 Re8
16.Rad1 Qe5 17.Qxe4 h6 18.Qxe5 Bxe5 19.Ne4 f5 20.Nd6 Bxd6 21.Rxd6 f4 22.Rxg6+ Kf7
23.Bh5 Re5 24.Rxh6+ Kg7 25.Bxf4 Rf5 26.Bc1 Rf6 27.Rxf6 Kxf6 28.Re1 Be6 29.h4  1-0

[Event "ch-VIE Men Masters"]
[Site "Ho Chi Minh City VIE"]
[Date "2009.12.12"]
[Round "3"]
[White "Nguyen Van Huy"]
[Black "Nguyen Thanh Son"]
[Result "1/2-1/2"]
[WhiteElo "2414"]
[BlackElo "2362"]

1.c4 c6 2.Nf3 d5 3.e3 Nf6 4.Nc3 Nbd7 5.b3 e6 6.Bb2 Bd6 7.Qc2 Qe7 8.Be2 O-O
9.d4 Re8 10.O-O a6 11.Rfe1 e5 12.dxe5 Nxe5 13.cxd5 cxd5 14.Rad1  1/2-1/2

[Event "ch-VIE Men Masters"]
[Site "Ho Chi Minh City VIE"]
[Date "2009.12.14"]
[Round "7"]
[White "Nguyen Manh Truong"]
[Black "Nguyen Thanh Nghia"]
[Result "1-0"]
[WhiteElo "2160"]
[BlackElo "2201"]

1.c4 c6 2.Nc3 d5 3.cxd5 cxd5 4.Nf3 Nc6 5.g3 Nf6 6.Bg2 g6 7.d4 Bg7 8.O-O O-O
9.Ne5 Nxe5 10.dxe5 Ng4 11.Nxd5 Nxe5 12.Bg5 f6 13.Be3 e6 14.Nc3 Qa5 15.Qa4 Qxa4
16.Nxa4 Nc4 17.Bc5 Rd8 18.Rad1 Rd7 19.Rc1 Nd6 20.Bxd6 Rxd6 21.Rfd1 Bf8 22.Rxd6 Bxd6
23.Rd1 Be7 24.Nc3 Rb8 25.Nb5 a6 26.Na7 Kf7 27.Nxc8 Rxc8 28.Bxb7 Rc2 29.Bxa6 Rxb2
30.a4 Ra2 31.Bb5 f5 32.Rd7 Kf6 33.Ra7 e5 34.Kg2 Ra3 35.Ra6+ Kf7 36.a5 Bb4
37.Ra7+ Kf6 38.a6 Ra5 39.Bc4 Be7 40.Rc7 Bd6 41.Rd7 Bc5 42.Rd5  1-0

[Event "ch-VIE Women Masters"]
[Site "Ho Chi Minh City VIE"]
[Date "2009.12.16"]
[Round "9"]
[White "Pham Bich Ngoc"]
[Black "Le Kieu Thien Kim"]
[Result "1-0"]
[WhiteElo "2105"]
[BlackElo "2250"]

1.c4 c6 2.b3 d5 3.Bb2 Bf5 4.e3 Na6 5.a3 dxc4 6.Bxc4 Bd3 7.Bxd3 Qxd3 8.Ne2 Nf6
9.Nf4 Qd6 10.d4 c5 11.Nd2 e6 12.Nc4 Qd8 13.Qf3 Qc7 14.O-O Be7 15.Rac1 O-O
16.dxc5 Nxc5 17.b4 Na4 18.Ne5 Qb8 19.Bd4 Bd6 20.Ng4 Nxg4 21.Qxg4 Be5 22.Nxe6 Bxd4
23.Nxf8 Bb2 24.Nd7 Qd8 25.Rc2 b5 26.Nc5 h5 27.Qxh5 Bxa3 28.Ne4 Qd3 29.Rc7 Rf8
30.Ng5  1-0

[Event "ch-VIE Men Masters"]
[Site "Ho Chi Minh City VIE"]
[Date "2009.12.16"]
[Round "9"]
[White "Nguyen Manh Truong"]
[Black "Nguyen Thanh Son"]
[Result "1/2-1/2"]
[WhiteElo "2160"]
[BlackElo "2362"]

1.c4 c6 2.Nc3 d5 3.cxd5 cxd5 4.d4 Nc6 5.Nf3 Nf6 6.g3 g6 7.Bg2 Bg7 8.O-O O-O
9.Bf4 Bf5 10.Ne5 Rc8 11.Rc1 Qa5 12.a3 Rfd8 13.Nxc6 Rxc6 14.Be5 Be6 15.e3  1/2-1/2

[Event "9th Amplico Life Rapid"]
[Site "Warsaw POL"]
[Date "2009.12.20"]
[Round "12"]
[White "Vidarte Morales,A"]
[Black "Hrzica,R"]
[Result "1-0"]
[WhiteElo "2423"]
[BlackElo "2308"]

1.c4 c6 2.Nf3 d5 3.d4 Nf6 4.Nc3 dxc4 5.a4 Bf5 6.e3 e6 7.Bxc4 Bb4 8.O-O O-O
9.Qe2 Bg4 10.Rd1 Nbd7 11.h3 Bxf3 12.Qxf3 e5 13.d5 Bxc3 14.bxc3 e4 15.Qe2 cxd5
16.Bxd5 Qc7 17.c4 Nb6 18.Bb2 Nfxd5 19.cxd5 Qd7 20.a5 Na4 21.Bd4 Rac8 22.Qh5 Nc3
23.Bxc3 Rxc3 24.Qe5 Rc4 25.Rac1 Rxc1 26.Rxc1 Re8 27.Qd4 h6 28.d6 Rd8 29.Rd1 Qc6
30.Qxa7 Rd7 31.Qd4 Kh7 32.Qe5 g6 33.Rd4 h5 34.Qxe4 Qxe4 35.Rxe4 Rxd6 36.Re7 Rd1+
37.Kh2 Ra1 38.Rxf7+ Kh6 39.Rxb7 Rxa5 40.h4 Ra4 41.g3 Ra6 42.Kg2 g5 43.hxg5+ Kxg5
44.Rb5+ Kg6 45.Rd5 Ra4 46.Kf3 h4 47.gxh4 Rxh4 48.e4 Kf6 49.Ke3 Ke6 50.Ra5 Rh1
51.Ra6+ Ke7 52.f4 Rb1 53.f5 Rb3+ 54.Kf4 Rb5 55.e5 Rb4+ 56.Kg5 Rb7 57.Rh6 Kf8
58.e6 Rg7+ 59.Kf4 Rg1 60.Ke5  1-0

[Event "Tata Steel TCh-Asia"]
[Site "Kolkata IND"]
[Date "2009.12.24"]
[Round "3"]
[White "Ghaem Maghami,E"]
[Black "Wu Shaobin"]
[Result "1/2-1/2"]
[WhiteElo "2603"]
[BlackElo "2454"]

1.c4 c6 2.e4 d5 3.exd5 cxd5 4.d4 Nf6 5.Nc3 Nc6 6.Bg5 dxc4 7.Bxc4 h6 8.Be3 e6
9.Nf3 Be7 10.O-O O-O 11.Ne5 Nxe5 12.dxe5 Nd7 13.Bf4 Nb6 14.Bd3 Nd5 15.Nxd5 exd5
16.Bc2 Bg5 17.Bxg5 hxg5 18.Qh5 g6 19.Qh6 Qc7 20.Bb3 Qxe5 21.Rae1 Qf6 22.Bxd5 Bf5
23.Re3 Rad8 24.Bb3 Rd2 25.Rf3 Rd3 26.Rxf5 Qxf5 27.Bc2 Rfd8 28.Bxd3 Rxd3 29.h4 gxh4
30.Re1  1/2-1/2